<?xml version="1.0" encoding="UTF-8"?>
<record
    xmlns:xsi="http://www.w3.org/2001/XMLSchema-instance"
    xsi:schemaLocation="http://www.loc.gov/MARC21/slim http://www.loc.gov/standards/marcxml/schema/MARC21slim.xsd"
    xmlns="http://www.loc.gov/MARC21/slim">

  <leader>00558nam a22001217a 4500</leader>
  <datafield tag="999" ind1=" " ind2=" ">
    <subfield code="c">9742</subfield>
    <subfield code="d">9742</subfield>
  </datafield>
  <controlfield tag="003">OSt</controlfield>
  <controlfield tag="008">201203b           ||||| |||| 00| 0 eng d</controlfield>
  <datafield tag="245" ind1=" " ind2=" ">
    <subfield code="a">Journal of The Institution of Engineers (INDIA)</subfield>
  </datafield>
  <datafield tag="250" ind1=" " ind2=" ">
    <subfield code="a">2008(Jan Vol.88 No.28, Jul Vol.89 No.25, May Vol.89 No.29, Jun Vol.89 No.27, Jul Vol.89 No.25, Sep Vol.89 No.19, Sep Vol.89 No.19, Sep Vol.89 No.19, Aug Vol.89 No.25, Oct Vol.89 No.17, Oct Vol.89 No.17, Nov Vol.89 No.17, Dec Vol.89 No.17)</subfield>
  </datafield>
  <datafield tag="260" ind1=" " ind2=" ">
    <subfield code="a">Kolkata</subfield>
    <subfield code="b">The Institution of Engineers</subfield>
  </datafield>
  <datafield tag="650" ind1=" " ind2=" ">
    <subfield code="a">Mechanical Engineering</subfield>
  </datafield>
  <datafield tag="942" ind1=" " ind2=" ">
    <subfield code="2">ddc</subfield>
    <subfield code="c">BV</subfield>
  </datafield>
  <datafield tag="952" ind1=" " ind2=" ">
    <subfield code="0">0</subfield>
    <subfield code="1">0</subfield>
    <subfield code="2">ddc</subfield>
    <subfield code="3">Bound Volume</subfield>
    <subfield code="4">0</subfield>
    <subfield code="7">1</subfield>
    <subfield code="8">BTECHME</subfield>
    <subfield code="a">PIET</subfield>
    <subfield code="b">PIET</subfield>
    <subfield code="d">2020-12-11</subfield>
    <subfield code="e">The Institution of Engineers</subfield>
    <subfield code="h">2008(Jan Vol.88 No.28, Jul Vol.89 No.25, May Vol.89 No.29, Jun Vol.89 No.27, Jul Vol.89 No.25, Sep Vol.89 No.19, Sep Vol.89 No.19, Sep Vol.89 No.19, Aug Vol.89 No.25, Oct Vol.89 No.17, Oct Vol.89 No.17, Nov Vol.89 No.17, Dec Vol.89 No.17)</subfield>
    <subfield code="l">0</subfield>
    <subfield code="p">BV252</subfield>
    <subfield code="r">2020-12-11 00:00:00</subfield>
    <subfield code="w">2008-01-09</subfield>
    <subfield code="y">BV</subfield>
  </datafield>
</record>
